The noble scholar, jurist, historian


 His Excellency Dr. Abdul Wahhab bin Ibrahim Abu Sulaiman, may Allah have mercy on him.


 He was born in Umm Al-Qura in the year 1356 AH.

تنقيح المناظرة في تصحيح المخابرة / (Record no. 4316)

MARC details
000 -LEADER
fixed length control field 01154cam a22002651i 4500
003 - CONTROL NUMBER IDENTIFIER
control field SA_RiAUC
005 - DATE AND TIME OF LATEST TRANSACTION
control field 20250102054745.0
008 - FIXED-LENGTH DATA ELEMENTS--GENERAL INFORMATION
fixed length control field 250102s2005____ua g 000 0 ara c
040 ## - CATALOGING SOURCE
Original cataloging agency SA-MaBBL
Language of cataloging ara
Transcribing agency SA-RiAUC
Description conventions rda
082 04 - DEWEY DECIMAL CLASSIFICATION NUMBER
Classification number 253.82
Assigning agency SA-RiAUC
090 ## - LOCALLY ASSIGNED LC-TYPE CALL NUMBER (OCLC); LOCAL CALL NUMBER (RLIN)
Classification number (OCLC) (R) ; Classification number, CALL (RLIN) (NR) 253.82
Local cutter number (OCLC) ; Book number/undivided call number, CALL (RLIN) ا ب ن ج
100 1# - MAIN ENTRY--PERSONAL NAME
Personal name ابن جماعة، محمد بن إبراهيم بن سعد الله،
Dates associated with a name 639-733 هجري
Relator term مؤلف.
245 10 - TITLE STATEMENT
Title تنقيح المناظرة في تصحيح المخابرة /
Statement of responsibility, etc. محمد بن إبراهيم بن سعد الله بن جماعة ؛ دراسة و تحقيق و تعليق ابو الياس علي عزوز
250 ## - EDITION STATEMENT
Edition statement الطبعة الأولى.
264 #1 - PRODUCTION, PUBLICATION, DISTRIBUTION, MANUFACTURE, AND COPYRIGHT NOTICE
Place of production, publication, distribution, manufacture بيروت :
Name of producer, publisher, distributor, manufacturer دار ابن حزم،
Date of production, publication, distribution, manufacture, or copyright notice 2006.
300 ## - PHYSICAL DESCRIPTION
Extent 124 صفحة ؛
Dimensions 22 سم
336 ## - CONTENT TYPE
Content type term نص
Content type code txt
Source rdacontent
Materials specified كتاب
337 ## - MEDIA TYPE
Media type term بدون وسيط
Media type code n
Source rdamedia
338 ## - CARRIER TYPE
Carrier type term مجلد
Carrier type code nc
Source rdacarrier
650 #7 - SUBJECT ADDED ENTRY--TOPICAL TERM
Topical term or geographic name entry element المزارعة (فقه إسلامي)
Source of heading or term aucsh
650 #7 - SUBJECT ADDED ENTRY--TOPICAL TERM
Topical term or geographic name entry element المساقاة (فقه إسلامي)
Source of heading or term aucsh
700 1# - ADDED ENTRY--PERSONAL NAME
Personal name عزوز، ابو الياس علي.
Relator term محقق.
942 ## - ADDED ENTRY ELEMENTS (KOHA)
Source of classification or shelving scheme Dewey Decimal Classification
Koha item type Books
949 ## - LOCAL PROCESSING INFORMATION (OCLC)
a SA-JeALM
d 250102
u khaled123
n 1
Holdings
Withdrawn status Lost status Source of classification or shelving scheme Damaged status Not for loan Home library Current library Date acquired Total checkouts Full call number Barcode Date last seen Price effective from Koha item type
    Dewey Decimal Classification     DR AbdElwahab Library DR AbdElwahab Library 01/02/2025   253.82 ا ب ن ج 000006641 01/02/2025 01/02/2025 Books
    Dewey Decimal Classification     DR AbdElwahab Library DR AbdElwahab Library 01/02/2025   253.82 ا ب ن ج 000006642 01/02/2025 01/02/2025 Books